000 00774nam a2200253Ia 4500
003 OSt
005 20220916110902.0
006 a|||||r|||| 00| 0
007 ta
008 220915b |||||||| |||| 00| 0 hin d
024 _a269034
037 _cTextbook
040 _bhin
_aARTS
_cARTS
041 _ahin
082 _aO152,3N27,AK, L6
100 _aमिश्र, शिवसागर
245 0 _aअक्षत
246 _aAkṣhata
260 _aदिल्ली
_bराजपाल एण्ड सन्ज़ भारत
_c1976
300 _a137पृ0
_ccm.
650 _aहिन्दी साहित्य
942 _hO152,3N27,AK, L6
_cTB
_2CC
999 _c100399
_d100399